[Event "GCT Cote d Ivoire Blitz 2019"]
[Site "Abidjan"]
[Date "2019.05.12"]
[Round "10"]
[White "Wei, Yi"]
[Black "Nakamura, Hikaru"]
[Result "0-1"]
[WhiteElo "2737"]
[BlackElo "2805"]
[Annotator "TA"]
[PlyCount "166"]
[EventDate "2019.05.05"]
[EventType "tourn"]
[EventCountry "IVO"]
[SourceTitle "playchess.com"]
[Source "ChessBase"]
[SourceQuality "1"]

{[%evp 9,166,0,8,0,0,-5,0,-16,12,0,20,13,41,50,47,16,23,7,14,0,3,-29,-32,-20,-26,-57,-52,-31,0,0,0,-10,0,-20,-20,-18,-8,-10,-22,-21,0,-41,-17,-34,0,-81,-37,-98,-96,-119,-119,-105,-105,-156,-107,-154,-104,-106,-92,-107,-85,-85,-85,-117,-85,-111,-90,-182,-203,-197,-175,-212,-207,-201,-183,-229,-228,-197,-180,-232,-120,-117,-117,-127,-126,-455,0,0,0,0,0,0,0,-184,-201,-322,0,-47,0,0,0,-146,0,0,0,0,0,0,0,0,0,0,0,0,29980,29981,29981,-4133,-515,-1070,-1045,-1303,-1242,-3172,-2308,-3397,-3324,-29973,-818,-29975,-29976,-29976,-29977,-29986,-1144,-1724,0,-3792,-937,-6559,0,0,0,-1284,-1193,-29980,-29980,-29971,-11189,-29971,-203,-29989,-29970,-29994,-29991,-29991,-29992,-29994,-29995]} 1. d4 Nf6 2. c4 e6 3. g3 d5 4. Bg2 Be7 5. Nc3 (5. Nf3 O-O 6. O-O dxc4 7. Qc2 a6 8. Qxc4 b5 9. Qc2 Bb7 10. Bd2 Be4 11. Qc1 c6 12. Rd1 Nbd7 13. Nc3 Bg6 14. a3 Rc8 15. b4 Nd5 16. Be1 Qc7 17. e3 h6 18. Qb2 N5b6 19. Qe2 {½-½ (31) Yu,Y (2751)-Giri,A (2797) Shenzhen 2019}) (5. Nf3 O-O 6. Nc3 dxc4 7. Ne5 Nc6 8. Bxc6 bxc6 9. Nxc6 Qe8 10. Nxe7+ Qxe7 11. Qa4 c5 12. dxc5 Qxc5 13. Be3 Qc7 14. Rd1 Bd7 15. Qa3 Nd5 16. Bd4 a5 17. Rd2 Nb4 18. O-O Qb7 19. Na4 Bxa4 20. Qxa4 {½-½ (45) Wei,Y (2696)-Nakamura,H (2787) Bilbao 2016}) 5... O-O 6. cxd5 {E06: Closed Catalan: Early deviations} exd5 7. Nh3 c6 8. O-O {The position is equal.} a5 $146 ({Predecessor:} 8... Bxh3 9. Bxh3 Nbd7 10. Bg5 h6 11. Bxf6 Nxf6 12. e3 {½-½ (12) Nevednichy,V (2560)-Martinovic,S (2421) Kragujevac 2010}) 9. Nf4 Na6 10. f3 c5 11. Be3 c4 12. Kh1 Re8 13. Bf2 {Black should prevent e4.} Bb4 14. g4 h6 15. h4 Nc7 16. a4 Ra6 17. Qc2 Ne6 18. Nh3 Bxc3 19. bxc3 Nf8 20. Rae1 Rae6 21. h5 Qc7 22. e3 Bd7 23. Nf4 Rb6 24. Rb1 Rxb1 (24... Ne6 {feels hotter.} 25. Ne2 Rb3 26. Ra1 Ng5 27. Ra2 b5) 25. Rxb1 Bc6 26. Kg1 Qd7 27. Qb2 (27. Ra1 $11) 27... N8h7 28. Qb6 (28. Ne2 $15) 28... Ra8 $1 $17 29. Nh3 Bxa4 30. Bg3 Bb3 31. Qc5 (31. Ra1 $142) 31... a4 32. Qa3 Qe6 33. Kf2 Re8 34. Re1 Ng5 35. Nxg5 hxg5 36. Bd6 Qd7 37. Bc5 Re6 38. Re2 (38. Qc1 $17) 38... Ne8 $19 39. Re1 Nc7 40. e4 b6 41. Bb4 Na6 42. e5 {intending Bd6.} Nxb4 43. Qxb4 f6 $1 44. exf6 (44. f4 {was worth a try.} gxf4 45. g5 fxg5 46. Bh3) 44... gxf6 ({Don't take} 44... Rxf6 45. Bh3 $17) (44... Rxe1 $1 $19 45. Kxe1 Qe6+ 46. Kf2 Qxf6) 45. Rxe6 $17 Qxe6 46. Qb5 Kg7 47. f4 $2 {[%mdl 8192]} (47. Qb4 $17 {nothing else works.}) 47... Qxg4 $2 (47... gxf4 $19 48. Bf3 a3) 48. Qe8 $11 gxf4 {Threatens to win with ...Qg3+.} 49. Qe7+ Kh8 50. Qxf6+ Qg7 51. Qd8+ $2 (51. Qxf4 $11 {and White stays safe.} Bc2 52. Bxd5) 51... Kh7 $19 {Hoping for ...Bc2.} 52. Bxd5 (52. Qxd5 $142 Qf6 53. Be4+ Kh6 54. Qd7) 52... Qg3+ $2 ({Better is} 52... Bc2 $19 53. Bxc4 b5 $1 {[%mdl 512]} 54. Bxb5 a3) 53. Ke2 {aiming for Be4+.} Qd3+ (53... f3+ $5 54. Bxf3 Bd1+ $1 {[%mdl 576] Deflection, Decoy} 55. Kxd1 Qxf3+ {[%mdl 64] Double Attack} 56. Ke1 Qxc3+ 57. Kf2 Qc2+ 58. Kg3 Qd3+ 59. Kf4 Qf1+ 60. Kg5 Qg2+ 61. Kf4 Qd2+ 62. Kf5 Qd3+ 63. Kf4 Qd2+ 64. Kg4 Qg2+ 65. Kf4 Qd2+ $17) 54. Kf2 Qg3+ 55. Ke2 {[#]} (55. Kf1 $11) 55... Qd3+ (55... f3+ $1 $17 {[%mdl 512]} 56. Bxf3 Bd1+ $1 {[%mdl 576] Deflection, Decoy} 57. Kxd1 Qxf3+ {[%mdl 64] Double Attack} 58. Ke1 Qxc3+ 59. Kf2 Qd2+ 60. Kf3 Qd3+ 61. Kf4 Qd2+ 62. Kf5 Qc2+ 63. Kf4 Qh2+ 64. Kg4 Qg1+ 65. Kf4 Qh2+ 66. Kg5 Qd2+ 67. Kg4 Qg2+ 68. Kf4 Qd2+ 69. Kf5 Qd3+ 70. Kf4 Qd2+) 56. Kf2 $11 Qd2+ 57. Kf1 {Intending Qg8+ and mate.} Qc1+ 58. Kf2 {White wants to mate with Qg8+.} Qd2+ 59. Kf1 {White threatens Qg8+ and mate.} Qd3+ 60. Kf2 Qe3+ 61. Kg2 {Threatening mate with Qg8+.} Bc2 $2 {[%mdl 8192]} (61... Qe2+ $11 62. Kg1 Kh6 63. Qf6+ Kxh5 64. Qf5+ Kh4) 62. Qg8+ Kh6 63. Bf3 $4 {[%mdl 8192]} (63. Qh8+ {is the narrow road to win.} Kg5 64. Qg7+ Kh4 65. Qf6+ {[%mdl 64] Double Attack} Kg4 66. Be6+ Qxe6 67. Qxe6+ Bf5 68. Qg6+ $1 {[%mdl 576] Promotion} Bxg6 69. hxg6) 63... Qe7 (63... Qd2+ $142 64. Kg1 Qe1+ 65. Kg2 Qg3+ $1 {[%mdl 512]} 66. Qxg3 fxg3) 64. Qxc4 (64. Qh8+ $142 Bh7 65. Qc8) 64... a3 $19 65. Qc6+ Kg7 66. Qa8 Bb3 67. h6+ Kxh6 68. Qh8+ Kg6 (68... Qh7 $142 69. Qxh7+ Kxh7 70. Be4+ Kh6 71. Bb1 a2 72. Bxa2 Bxa2 73. Kf2 Kg5 74. Kf3 Bc4 75. Ke4 Kg4 76. d5 f3 77. Kd4 Ba2 78. Ke3 Bxd5 79. c4 Bxc4 80. Kd4 f2 81. Kxc4 f1=Q+ 82. Kd5 Qb5+ 83. Kd6 Qc4 84. Kd7 Kf5 85. Kd6 Kf6 86. Kd7 Qc5 87. Kd8 Ke6 88. Ke8 Qe7#) 69. Bh5+ Kf5 70. Bf3 a2 71. Qh5+ Ke6 (71... Qg5+ $142 72. Bg4+ Kf6 73. Qh8+ Kg6 74. Qe8+ Bf7 75. Qe4+ Kf6 76. Kf2 a1=Q 77. Qe5+ Qxe5 78. dxe5+ Kxe5 79. Be2 Qb2 $1 {[%mdl 512]} 80. Ke1 Ke4 81. Kf2 Bc4 82. Kf1 Qxe2+ 83. Kg1 f3 84. Kh1 Qg2#) 72. Qe5+ Kd7 $2 (72... Kf7 $19 73. Qxf4+ Qf6) 73. Bg4+ $2 {[%mdl 8192]} (73. Qb5+ $11 Kd8 74. Qxb6+ Qc7 75. Qf6+ Kc8 76. Qf8+ Kd7 77. Qg7+ Kd6 78. Qe5+ Kd7 79. Qg7+ Kd8 80. Qf8+ Kd7 81. Qg7+) 73... Ke8 (73... Be6 $142 74. Qb5+ Kc7) 74. Bh5+ {[#]} Bf7 $2 (74... Kf8 $1 $19 75. Qxf4+ Kg7 76. Qg3+ Kh8 77. Qb8+ Bg8) 75. Qb8+ $11 {[%mdl 64] Double Attack} Kd7 76. Qb7+ $2 {[%mdl 8192] [#]} (76. Qa7+ $11 Kd8 77. Qb8+ Kd7 78. Qa7+ Kd6 79. Qxb6+ Kd7 80. Qa7+ Ke8 81. Qb8+ (81. Qa8+ Kd7 $11) 81... Kd7 82. Qa7+ Kd8 83. Qa8+ Kd7 84. Qa7+) 76... Ke6 $1 $19 {( -> ...Qg5+)} 77. Qxb6+ Kf5 78. Qa5+ Ke4 (78... Kf6 $142 79. Bxf7 Qe2+ 80. Kh3 Qf3+ 81. Kh2 Qg3+ 82. Kh1 Qe1+ 83. Kh2 Qf2+ 84. Kh1 Qe1+ 85. Kg2 a1=Q 86. Qb6+ Kxf7 87. Qc7+ Kg6 88. Qd6+ Kf5 89. Qd5+ Kf6 90. Qd8+ Qe7 91. Qh8+ Kf5 92. Qc8+ Qe6 93. Qxe6+ Kxe6 94. Kf3 Kf5 95. Kf2 Qxc3 96. d5 Kg4 97. Kg1 Qg3+ 98. Kh1 f3 99. d6 Qg2#) 79. Bf3+ Kd3 $2 (79... Ke3 {mates} 80. d5 Qg5+ 81. Kf1 Kxf3 82. Qxa2 Bxd5 83. c4 Bc6 84. Qf2+ Ke4 85. Qa7 Qh4 86. Qc7 Qh3+ 87. Kg1 Qe3+ 88. Kf1 Qc1+ 89. Kf2 Qb2+ 90. Kg1 Qd4+ 91. Kh2 Qf2+ 92. Kh1 Qf3+ 93. Kh2 Qg3+ 94. Kh1 Qg6 95. Qxc6+ Qxc6 96. Kg2 Qxc4 97. Kh3 Qg8 98. Kh2 Kf3 99. Kh3 Qh8#) 80. Qa6+ $2 (80. d5 $19 Qg5+ 81. Kf1) 80... Kd2 {Black mates.} 81. Kf2 Qe3+ 82. Kg2 Qe1 83. Be4 Qxe4+ {Accuracy: White = 24%, Black = 48%.} 0-1

[Event "GCT Cote d Ivoire Blitz 2019"]
[Site "Abidjan"]
[Date "2019.05.12"]
[Round "11"]
[White "Vachier-Lagrave, Maxime"]
[Black "Carlsen, Magnus"]
[Result "1-0"]
[WhiteElo "2792"]
[BlackElo "2867"]
[Annotator "TA"]
[PlyCount "109"]
[EventDate "2019.05.05"]
[EventType "tourn"]
[EventCountry "IVO"]
[SourceTitle "playchess.com"]
[Source "ChessBase"]
[SourceQuality "1"]

{[%evp 20,109,26,26,28,21,18,17,39,36,32,25,22,2,35,22,33,10,12,0,0,0,0,0,0,0,0,0,0,0,17,0,0,0,0,0,8,0,0,0,0,-8,-13,-6,-5,-3,-11,-6,-12,-21,0,0,52,53,46,46,56,50,362,361,355,355,355,198,195,179,394,380,556,497,600,612,536,239,618,547,850,850,29976,29977,29989,1656,1659,1646,1875,1884,1772,1497,4722,4718,29976,29976]} 1. c4 c5 2. Nf3 Nf6 3. Nc3 e6 4. g3 b6 5. Bg2 Bb7 6. O-O Be7 7. b3 O-O 8. Bb2 d6 9. e3 Nbd7 10. Qe2 a6 11. d4 Ne4 {A30: Symmetrical English: Double Fianchetto and Hedgehog} 12. Rfd1 (12. Rad1 Nxc3 13. Bxc3 Be4 14. Ne1 Bxg2 15. Nxg2 cxd4 16. Bxd4 Qc7 17. Nf4 Ne5 18. Nh5 g6 19. Nf4 {½-½ (30) Dubov,D (2659)-Lysyj,I (2677) Sochi 2015}) 12... Nxc3 13. Bxc3 Be4 {The position is equal.} 14. Rac1 Re8 $146 ({Predecessor:} 14... Ra7 15. Qb2 Nf6 16. Ne1 Bxg2 17. Nxg2 Qa8 18. Nf4 Qf3 19. Qe2 Qxe2 20. Nxe2 {½-½ (36) Kovacevic,B (2471)-Arnaudov,P (2271) Zadar 2006}) 15. Bh3 Qc7 16. Nd2 Bb7 17. e4 Bf6 18. Nf3 b5 19. cxb5 axb5 20. dxc5 Bxc3 21. Rxc3 {[#] Hoping for c6!} b4 22. Rc2 dxc5 23. Qe3 h6 24. Bf1 Ba6 25. Rcd2 Nf6 26. Bxa6 Rxa6 27. Rc1 Rea8 28. Rxc5 Qa7 29. Rdc2 Rxa2 30. Rc8+ Kh7 {Threatens to win with ...Rxc8.} 31. Qxa7 R8xa7 32. Nd2 Ng4 33. Kg2 Ne5 34. f4 Nd3 35. Kf1 $1 Ra1+ (35... Ra8 $11) 36. Ke2 $14 Rd7 37. Nf3 $36 {[%mdl 2048] Rd2 is the strong threat. White has the initiative.} Rb1 38. Rd2 $1 {[%cal Rd2d3]} Rb2 $2 {[%mdl 8192]} (38... Rxb3 $14 39. Ne1 Nxf4+ 40. gxf4 Rxd2+ 41. Kxd2 Rh3) 39. Rxb2 $18 Nxb2 {[%mdl 4096] Endgame KRN-KRN} 40. Ne5 Rd4 41. Ke3 ({Not} 41. Nxf7 Rxe4+ 42. Kf3 Re1 $18) (41. Rc2 $142) 41... Rd1 42. Nxf7 {And now Rh8+ would win.} Re1+ $2 (42... Rd3+ {is a better defense.} 43. Ke2 Rxb3) 43. Kd4 Re2 (43... Kg6 $142 44. Rc7 Kh7) 44. h4 Kg6 45. Ne5+ Kh5 46. Rg8 (46. Rc1 $142) 46... Rd2+ $2 {[#]} (46... Nd1 47. Kd3 (47. Rxg7 Nf2 $16) 47... Re3+ 48. Kd2 Rxb3) 47. Ke3 $1 Rc2 48. Rxg7 Rc3+ 49. Ke2 Nd1 50. g4+ (50. Nd7 $142 Re3+ 51. Kxd1 Rd3+ 52. Ke2 Rxd7 53. Rxd7 Kg4 54. Rg7+ Kh3 55. Kf3) 50... Kxh4 51. Kxd1 Kg3 52. f5 Kf4 53. Ng6+ Kxe4 54. f6 Rf3 55. f7 {Accuracy: White = 64%, Black = 45%.} 1-0

[Event "GCT Cote d Ivoire Blitz 2019"]
[Site "Abidjan"]
[Date "2019.05.12"]
[Round "11"]
[White "Ding, Liren"]
[Black "So, Wesley"]
[Result "0-1"]
[WhiteElo "2786"]
[BlackElo "2772"]
[Annotator "TA"]
[PlyCount "90"]
[EventDate "2019.05.05"]
[EventType "tourn"]
[EventCountry "IVO"]
[SourceTitle "playchess.com"]
[Source "ChessBase"]
[SourceQuality "1"]

{[%evp 16,93,12,0,16,17,15,3,18,0,0,-7,0,-37,7,0,0,-18,34,34,52,0,36,10,45,25,40,25,71,78,77,52,79,11,15,10,14,22,28,19,18,17,22,-36,-52,-85,-65,-133,-123,-153,-140,-140,-129,-153,-52,-59,20,-83,-94,-175,-143,-473,-487,-801,-792,-872,-764,-870,-868,-1160,-1103,-924,-284,-29983,-29984,-29990,-29991,-29994,-29990,-29990]} 1. c4 c5 2. g3 g6 3. Bg2 Bg7 4. Nc3 {[%cal Bb1c3,Bc3b5,Bb5d6][%mdl 32]} Nc6 5. Nf3 e6 6. d4 cxd4 7. Nb5 d5 8. cxd5 Qa5+ 9. Nd2 exd5 {A37: Symmetrical English vs ...g6: 4 Bg2 Bg7 5 Nf3} 10. Nd6+ Kf8 11. O-O (11. Nxc8 Rxc8 12. O-O Nge7 13. Nf3 h6 14. h4 Bf6 15. Bd2 Qb6 16. b4 Kg7 17. Rb1 {½-½ (40) Grischuk,A (2766)-So,W (2778) Paris 2018}) 11... Nge7 {The position is equal.} 12. Nb3 Qb6 13. Nxc8 Rxc8 14. e3 $146 ({Predecessor:} 14. Bf4 Nd8 15. Rc1 Rxc1 16. Bxc1 Ne6 17. Bd2 {½-½ (36) Williamson,D (2310)-Verhaeren,G (2310) ICCF email 2016}) 14... Bf6 15. exd4 Kg7 {[%cal Rc6d4]} (15... Bxd4 $6 16. Nxd4 Nxd4 17. Re1 $16) 16. Be3 Rcd8 (16... Nf5 $1 $11) 17. g4 $36 {[%mdl 2048] Threatens to win with g5. White fights for an advantage.} h6 18. f4 (18. Rc1 $14) 18... Kh7 19. Qd2 Qb4 20. Qf2 Rhe8 21. Rad1 Qb6 22. Nc5 Qc7 23. Nd3 Bg7 24. f5 (24. Ne5 $16) 24... Ng8 $1 $11 {Hoping for ...Rxe3!} 25. Ne5 Nxe5 26. dxe5 Qxe5 27. Bd4 ({Don't play} 27. Bxa7 d4 $14) 27... Qe2 28. f6 Bf8 29. Bxa7 ({Better is} 29. Rde1 $11 Qxf2+ 30. Kxf2) 29... Qxg4 $15 30. h3 Qe6 31. Bd4 (31. Rfe1 $15 Qxf6 32. Rxe8 Rxe8 33. Bxd5) 31... h5 $17 32. Rde1 Qd6 33. Rxe8 Rxe8 34. Qf3 {[#]} Bh6 (34... Nh6 $1 $17 {And now ...Kg8 would win.} 35. Qd3 (35. Qxd5 $2 Qxd5 36. Bxd5 Rd8 $19) 35... Kg8) 35. a4 (35. Qxd5 $2 Qxd5 36. Bxd5 Rd8 $19) 35... Bg5 (35... Re4 $15 36. Qd3 Rf4 37. Rxf4 Qxf4 38. Bxd5 {[%mdl 64] Double Attack} Nxf6 39. Bxb7 Bg7) 36. a5 (36. Qxd5 $11 Qxd5 37. Bxd5) 36... Nh6 37. Bb6 ({Wrong is} 37. Qxd5 $2 Qxd5 38. Bxd5 Rd8 $19) (37. Bf2 $17) 37... Re5 $19 38. Qg3 $2 {[%mdl 8192]} (38. Qa3 $17 {is more resistant.} Qc6 39. Bd4) 38... d4 39. b4 (39. Qa3 $142 Be3+ 40. Kh1) 39... h4 40. Qb3 d3 41. Bc5 Be3+ 42. Bxe3 Rxe3 43. b5 Qd4 $2 (43... Rg3 44. Rd1 {[#]} Rxg2+ $1 {[%mdl 576] Clearance} 45. Kxg2 Qg3+ 46. Kh1 Qxh3+ 47. Kg1 Qg3+ 48. Kh1 Qf3+ 49. Kg1 h3 50. Qa2 Qxd1+ 51. Kf2 d2 52. Qd5 Qe1+ 53. Kf3 Nf5 54. Qxf7+ Kh6 55. Qf8+ Kg5 56. Qh6+ Nxh6 57. b6 d1=Q#) 44. Kh1 $2 (44. Qd5 $19 Qb4 45. a6 bxa6 46. bxa6) 44... d2 {Black mates.} 45. Qc2 Nf5 {Played: Re3-e1} 0-1

[Event "GCT Cote d Ivoire Blitz 2019"]
[Site "Abidjan"]
[Date "2019.05.12"]
[Round "11"]
[White "Karjakin, Sergey"]
[Black "Wei, Yi"]
[Result "1-0"]
[WhiteElo "2773"]
[BlackElo "2737"]
[Annotator "TA"]
[PlyCount "45"]
[EventDate "2019.05.05"]
[EventType "tourn"]
[EventCountry "IVO"]
[SourceTitle "playchess.com"]
[Source "ChessBase"]
[SourceQuality "1"]

{[%evp 10,45,13,1,2,0,0,0,18,19,13,24,27,18,16,0,18,12,29,4,14,0,0,-27,21,25,34,29,103,91,98,100,207,129,468,467,435,416]} 1. Nf3 d5 2. d4 Nf6 3. Bf4 Bf5 4. e3 e6 5. Bd3 Bxd3 6. Qxd3 c5 {D02: 1 d4 d5 2 Nf3 sidelines, including 2...Nf6 3 g3 and 2...Nf6 3 Bf4} 7. O-O (7. c3 Nc6 8. O-O Bd6 9. Bxd6 Qxd6 10. Qb5 cxd4 11. cxd4 O-O 12. Nc3 a6 13. Qe2 Rfc8 14. Rfc1 {½-½ (42) Wen,Y (2596)-Wei,Y (2734) Tianjin 2018}) 7... Nc6 8. Nbd2 Bd6 $146 {The position is equal.} (8... Nh5 {is interesting.} 9. Be5 c4 10. Qe2 Be7 11. h3 O-O) ({Predecessor:} 8... cxd4 9. exd4 Be7 10. c3 Nh5 11. Be3 Bd6 12. Qe2 Nf4 13. Bxf4 Bxf4 14. g3 Bc7 15. Rae1 O-O 16. Nh4 Rc8 17. f4 Re8 18. Rf2 Qd7 {½-½ (18) Wegblad,M (2092)-Kolanek,R (2217) ICCF email 2016}) 9. Bxd6 Qxd6 10. Qa3 b6 11. c4 O-O 12. Rac1 Nb4 13. dxc5 bxc5 14. Rfd1 a5 15. h3 Qb6 16. Ne5 Rfd8 17. Qa4 Qd6 18. Ndf3 Ne4 (18... Rdc8 $11) 19. a3 $16 {And now cxd5 would win.} f6 {[#]} 20. cxd5 $1 fxe5 (20... exd5 $16 21. Nc4 {[%mdl 64] Double Attack, Pin} Qc6 22. Qxc6 Nxc6) 21. dxe6 $18 Qc6 $2 {[%mdl 8192]} (21... Qxe6 $16 22. axb4 Rxd1+ 23. Rxd1 (23. Qxd1 cxb4 24. Rc7 Rf8 $16) 23... cxb4) 22. Rxd8+ {[%mdl 64] Overworked Piece} Rxd8 23. Qxa5 {Accuracy: White = 73%, Black = 36%.} 1-0

[Event "GCT Cote d Ivoire Blitz 2019"]
[Site "Abidjan"]
[Date "2019.05.12"]
[Round "11"]
[White "Topalov, Veselin"]
[Black "Nepomniachtchi, Ian"]
[Result "0-1"]
[WhiteElo "2736"]
[BlackElo "2776"]
[Annotator "TA"]
[PlyCount "68"]
[EventDate "2019.05.05"]
[EventType "tourn"]
[EventCountry "IVO"]
[SourceTitle "playchess.com"]
[Source "ChessBase"]
[SourceQuality "1"]

{[%evp 9,74,43,37,34,35,36,32,33,27,33,32,0,13,14,8,8,4,-8,0,0,0,0,50,52,45,44,40,0,0,-73,-79,-294,-148,-152,0,-110,-93,-157,-17,-16,-12,-14,0,-9,25,20,17,19,39,-474,-462,-785,-793,-773,-758,-758,-736,-654,-643,-1516,-894,-29985,-1501,-1509,-1531,-1365,-1314]} 1. e4 e5 2. Nf3 Nc6 3. Bb5 g6 4. c3 a6 5. Bxc6 dxc6 6. d4 {C60: Ruy Lopez: Unusual Black 3rd moves and 3...g6} exd4 7. cxd4 Bg7 8. Nc3 {White is slightly better.} Bg4 9. Qb3 Ne7 10. Be3 (10. Bg5 {looks sharper.} h6 11. Bxe7 Qxe7 12. Qxb7 O-O 13. Qxc6 Rab8 14. O-O-O) 10... O-O 11. O-O-O $146 ({Predecessor:} 11. Qxb7 Bxf3 12. gxf3 Bxd4 {1-0 (57) Hracek,Z (2557)-Nabaty,T (2692) Batumi 2018}) 11... Qd6 12. Kb1 a5 13. h3 Be6 14. Qc2 a4 15. Ng5 b5 (15... Bc4 {is interesting.} 16. h4 h6 17. e5 Qd8 18. Nge4 Nd5) 16. Nxe6 Qxe6 17. Rhe1 Rfd8 18. Ne2 b4 $1 {[%cal Rb4b3] White should prevent ...b3.} 19. Nf4 (19. Qd3 $11) 19... b3 $17 20. Qc5 $2 (20. Qd3 $17 bxa2+ 21. Ka1) 20... bxa2+ (20... Qxe4+ $19 21. Nd3 a3) 21. Ka1 Qd7 $2 (21... Qxe4 $17 22. Kxa2 (22. f3 Qf5 $15) 22... Qf5) 22. Kxa2 (22. Nd3 $11 {keeps the balance.}) 22... Rdb8 $1 23. Qc4 {[#]} (23. Re2 $142) 23... Rb5 ({Better is} 23... c5 $1 $17 {[%mdl 512]} 24. e5 (24. Qxc5 Rb5) 24... Qb5 25. Qxb5 Rxb5) 24. Nd3 $11 Rab8 25. Re2 Nc8 {aiming for ...Nd6.} 26. Rc1 Nd6 27. Qxc6 Qe6+ 28. Ka1 {Black must now prevent e5.} a3 {Threatens to win with ...axb2+.} 29. bxa3 $2 {[%mdl 8192] [#]} (29. b4 $14 {was the only good move.}) 29... Rb3 $1 $19 {[%cal Rb3a3][%mdl 512]} 30. Rb2 (30. Nb4 $142 Rxa3+ 31. Na2) 30... Rxa3+ 31. Kb1 Qa2+ 32. Kc2 Rxb2+ 33. Nxb2 Rb3 34. Rb1 {[#]} Nb5 {Played: Nd6-c4} 0-1

[Event "GCT Cote d Ivoire Blitz 2019"]
[Site "Abidjan"]
[Date "2019.05.12"]
[Round "11"]
[White "Amin, Bassem"]
[Black "Nakamura, Hikaru"]
[Result "1/2-1/2"]
[WhiteElo "2683"]
[BlackElo "2805"]
[Annotator "TA"]
[PlyCount "80"]
[EventDate "2019.05.05"]
[EventType "tourn"]
[EventCountry "IVO"]
[SourceTitle "playchess.com"]
[Source "ChessBase"]
[SourceQuality "1"]

{[%evp 9,80,48,51,43,47,55,49,45,54,0,0,-10,22,41,30,0,0,0,45,40,39,41,36,37,56,0,0,0,0,0,0,-21,0,-1,-4,-9,-4,0,0,0,0,-2,0,-8,0,-14,0,-10,-3,-6,8,14,15,8,8,8,30,29,32,36,117,35,53,27,70,45,79,0,0,0,0,0,0]} 1. e4 d5 2. exd5 Qxd5 3. Nc3 Qd8 4. d4 Nf6 5. Nf3 g6 6. Bc4 {B01: Scandinavian Defence} (6. Be2 Bg7 7. O-O O-O 8. h3 Nc6 9. Be3 b6 10. Qd2 Bb7 11. Rad1 e6 12. Bh6 Ne7 13. Bxg7 Kxg7 {½-½ (23) Giri,A (2783)-Nakamura,H (2746) St Petersburg 2018}) 6... Bg7 7. O-O O-O 8. Re1 {White is slightly better.} Nc6 9. d5 $146 (9. Bg5 $14) ({Predecessor:} 9. Bg5 h6 10. Bf4 Nh5 11. Be5 Nxe5 12. dxe5 Nf4 13. Re4 {0-1 (40) Wendler,D (2156)-Pfreundt,J (2388) Wuerzburg 2018}) 9... Na5 $1 $11 {[%cal Ra5c4]} 10. Bf1 e6 11. dxe6 Bxe6 12. Qxd8 Rfxd8 13. Bf4 Nd5 14. Nxd5 Rxd5 15. c3 c5 16. Ng5 Bf5 17. Rad1 (17. Ne4 $14) 17... Rxd1 18. Rxd1 h6 19. Nf3 Be6 20. Be5 Bg4 21. Bxg7 Kxg7 22. Be2 Re8 23. Kf1 b6 24. h3 Be6 25. b3 Nc6 26. Bb5 Rc8 27. Rd2 Rc7 28. Rd6 Ne7 29. Ne5 Nd5 (29... Nf5 {feels hotter.} 30. Rd1 h5 31. Bc4 Kf6 32. Bxe6 Kxe6 33. Re1 Kf6) 30. Bc4 Nxc3 31. Bxe6 fxe6 32. Rxe6 Nxa2 33. Rxg6+ {[%mdl 4096] Endgame KRN-KRN} Kh7 34. f4 {Threatens to win with f5.} Nc1 {[#]} ({Black should try} 34... Rf7 $14) 35. Rg3 ({White should play} 35. f5 $1 $16) 35... a5 36. f5 {f6 is the strong threat.} Re7 $1 {[%cal Re7e5]} 37. Nc4 (37. Ng4 $5 {[%cal Rg4f6]} Rf7 38. Rf3 $14) 37... Re4 38. Rf3 ({Better is} 38. Nxb6 $16 {Threatening mate with Nd5.} Rf4+ 39. Ke1) 38... Nxb3 {The position is equal.} 39. Rxb3 Rxc4 40. Rxb6 Rf4+ {Accuracy: White = 47%, Black = 39%.} 1/2-1/2

[Event "GCT Cote d Ivoire Blitz 2019"]
[Site "Abidjan"]
[Date "2019.05.12"]
[Round "12"]
[White "Carlsen, Magnus"]
[Black "Ding, Liren"]
[Result "1/2-1/2"]
[WhiteElo "2867"]
[BlackElo "2786"]
[Annotator "TA"]
[PlyCount "72"]
[EventDate "2019.05.05"]
[EventType "tourn"]
[EventCountry "IVO"]
[SourceTitle "playchess.com"]
[Source "ChessBase"]
[SourceQuality "1"]

{[%evp 13,72,8,10,8,4,0,0,0,14,0,6,0,5,7,6,6,7,7,5,0,0,0,0,-34,-32,-26,-22,-35,-10,-17,-18,-28,0,-14,25,21,35,-9,-12,-34,-10,-26,0,0,0,-26,-26,-68,-70,-68,-62,-61,-69,-70,-58,-70,-44,-57,-44,-44,-29]} 1. d4 Nf6 2. Nf3 d5 3. Bf4 c5 4. e3 Nc6 5. Be2 cxd4 6. exd4 Bg4 7. c3 e6 8. Nbd2 {B05: Alekhine's Defence: 4 Nf3 Bg4} (8. h3 Bxf3 9. Bxf3 Bd6 10. Bxd6 Qxd6 11. O-O O-O 12. Nd2 b5 13. a3 a5 14. Nb3 Nd7 15. Be2 Rfb8 {1-0 (60) Askarov,B (2409)-Pantsulaia,L (2612) Almaty 2016}) 8... Bd6 9. Ne5 Bxe2 10. Qxe2 {The position is equal.} O-O 11. O-O Qc7 12. Rfe1 Nd7 $146 ({Predecessor:} 12... a6 13. a4 Rfc8 14. Bg5 Be7 15. f4 Qd6 {½-½ (56) Schlangenotto,N (1166)-Wastian,M (1112) Magdeburg 2012}) 13. Nxd7 Qxd7 14. Bxd6 Qxd6 15. Nb3 Rab8 16. Nc1 b5 17. a3 a5 {[%cal Ba7a5,Ba5a4][%mdl 32]} 18. b4 Ne7 {[%cal Bc6e7,Be7f5,Bf5d6,Bd6c4][%mdl 32]} 19. Nb3 a4 20. Nc5 Qc6 21. Rad1 {[%cal Ba1d1,Bd1d3,Bd3h3][%mdl 32]} Nf5 22. Rd3 Nd6 23. Rh3 Nc4 24. Qh5 {[%csl Gh3][%cal Rh5h7] [#]} h6 25. Rg3 {White wants to mate with Qxh6.} Kh8 $1 26. f4 Rbe8 ({But not} 26... Nxa3 {[#]} 27. Qe5 $1 $11 {[%mdl 512]}) 27. Nd3 f6 28. Nc5 Re7 29. Qg4 {[%cal Re1e6]} f5 30. Qh5 Qe8 {Black is slightly better.} 31. Qxe8 Rfxe8 32. Ra1 $1 Kh7 33. h4 g6 34. Kf2 Nd6 35. Ke2 Ne4 36. Rh3 h5 {Accuracy: White = 63%, Black = 58%.} 1/2-1/2